Statistics for Detroit Pistons Championship Teams

Click here to take the quiz!

General Stats

  • This quiz has been taken 478 times
  • The average score is 10 of 18

Answer Stats

Player% Correct
Isiah Thomas
99%
Ben Wallace
97%
Rasheed Wallace
97%
Chauncey Billups
93%
Joe Dumars
92%
Bill Laimbeer
87%
Dennis Rodman
80%
Richard Hamilton
79%
Tayshaun Prince
67%
Vinnie Johnson
40%
Mark Aguirre
39%
Rick Mahorn
36%
John Salley
33%
James Edwards
27%
Adrian Dantley
23%
Corliss Williamson
12%
Mehmet Okur
7%
Elden Campbell
6%

Score Distribution

Percentile by Number Answered

Percent of People with Each Score

Your Score History

You have not taken this quiz